Military Construction, Military Quality of Life and Veterans Affairs : FY2007 Appropriations.

Reviews FY2007 appropriations bills for DOD and VA relating to veterans' affairs and military construction. Summarizes status and scope of the bills, major issues, funding levels, and related Congressional activity. Includes tables.

Bibliographic Details
Corporate Authors: Library of Congress. Congressional Research Service, ProQuest (Firm)
Format: eBook
Language:English
Published: [Place of publication not identified] : [publisher not identified], 2007.
Series:U.S. Congressional Research.
Subjects:
Online Access:Connect to the full text of this electronic book

MARC

Tag First Indicator Second Indicator Subfields
LEADER 00000cam a22000001a 4500
001 in00003332721
006 m d f
007 cr bn mmmapmmp
008 101214s2007 dcu o f000 0 eng d
005 20260430155349.4
035 |a cis2007859385 
040 |a ProQuest  |c ProQuest  |d UtOrBLW 
043 |a n-us--- 
099 |a CRS-2007-FDT-0156 
110 2 |a Library of Congress.  |b Congressional Research Service. 
245 1 0 |a Military Construction, Military Quality of Life and Veterans Affairs :  |b FY2007 Appropriations. 
264 1 |a [Place of publication not identified] :  |b [publisher not identified],  |c 2007. 
300 |a 1 online resource. 
336 |a text  |b txt  |2 rdacontent 
337 |a computer  |b c  |2 rdamedia 
338 |a online resource  |b cr  |2 rdacarrier 
500 |a Record is based on bibliographic data in ProQuest U.S. Congressional Research Digital Collection (last viewed Dec. 2010). Reuse except for individual research requires license from ProQuest, LLC. 
500 |a CRS Report. 
520 |a Reviews FY2007 appropriations bills for DOD and VA relating to veterans' affairs and military construction. Summarizes status and scope of the bills, major issues, funding levels, and related Congressional activity. Includes tables. 
500 |a Electronic resource. 
650 0 |a Armed Forces  |x Appropriations and expenditures. 
650 0 |a Statistics. 
655 7 |a Electronic books.  |2 local 
710 2 |a ProQuest (Firm) 
776 0 8 |i Microfiche version:   |a Library of Congress. Congressional Research Service.  |t Military Construction, Military Quality of Life and Veterans Affairs 
830 0 |a U.S. Congressional Research. 
856 4 0 |u http://proxy.library.tamu.edu/login?url=https://congressional.proquest.com/congcomp/getdoc?CRDC-ID=CRS-2007-FDT-0156  |z Connect to the full text of this electronic book  |t 0 
999 |a MARS 
999 f f |s f0e85804-f188-3a5e-a586-555c48f72ace  |i 6dd2c753-cdd0-384f-9526-18d4bb54ae76  |t 0 
952 f f |a Texas A&M University  |b College Station  |c Electronic Resources  |s www_evans  |d Available Online  |t 0  |e CRS-2007-FDT-0156  |h Other scheme 
998 f f |a CRS-2007-FDT-0156  |t 0  |l Available Online